| 000 | 00388nam a2200145Ia 4500 | ||
|---|---|---|---|
| 008 | 230917s9999||||xx |||||||||||||| ||und|| | ||
| 040 |
_e150701 _aMAIN |
||
| 041 | _aEnglish | ||
| 082 | _a942 G959B | ||
| 100 | _aGupta, Parthsaarthi | ||
| 245 | 0 | _aBritain ka itihas | |
| 260 |
_aDelhi _bUniversity of Delhi, Hindi Madhyam Karyanvaya Nideshalaya _c1979 |
||
| 300 | _a424 p. | ||
| 942 | _cBK | ||
| 999 |
_c217737 _d217737 |
||